Quiz sur Mbappe - Statistiques

Statistiques générales
  • Ce quiz a été pris 1 213 fois
  • Le résultat moyen est 10 sur 15
Statistiques - réponses
Question Réponse % Correct
En quelle année est-il né? 1998
98%
Quelle est la nationalité de Kylian Mbappe? Français
97%
Dans quel club évoluait-il avant d'arriver au PSG en 2017? Monaco
95%
Combien de buts a-t-il inscrit lors du mondial 2022 au Qatar ? 8
93%
Quel est le prénom de son petit frère ? Ethan
93%
Dans quel grand club européen aurait-il pu signer en 2022 avant de finalement prolonger au PSG? Real Madrid
93%
Dans quelle ville du 93 a-t-il grandi ? Bondy
90%
Dans quel pays est né son père? Cameroun
83%
A quel âge marque-il son premier but en ligue 1, battant ainsi le record de précodité dans son club de l'époque? 17 ans
73%
Quelle est la date exacte de son anniversaire? 20 décembre
58%
A quelle vitesse de course a-t-il été mesuré au maximum lors d'un match ? 38 (km/h)
58%
Il est titularisé capitaine pour la première fois en mars 2023 à l'occasion des éliminatoires de l'Euro 2024, contre quel sélection joue-t-il pour la première fois avec le brassard ? Pays-Bas
44%
Quel est le nom du trophée dont il remporte la première édition lors de la cérémonie du ballon d'or, récompensant le meilleur joueur de moins de 21 ans? Trophée Kopa
37%
Quel est son classement au ballon d'or 2022? 6 ème
32%
Lors de la finale de la CDM 2022 au Qatar, il inscrit un triplé, devenant ainsi le deuxième joueur de l'histoire à réaliser une telle performance lors d'une finale, qui est le premier qui a réalisé cet exploit en 1966? Geoffrey Hurst
7%
Aucun quiz correspondant
Distribution des résultats
% des personnes avec chaque résultat
Percentile par nombre de réponses
Votre historique - résultats
Vous n’avez pas pris ce quiz